| 000 | 00510nam a2200169Ia 4500 | ||
|---|---|---|---|
| 005 | 20250507130352.0 | ||
| 008 | 008 250505s9999 xx 000 0 chi d | ||
| 037 | _aAnnuals, Advances | ||
| 040 |
_aEASL _beng _cEASL |
||
| 041 |
_achi _2eng |
||
| 084 |
_aV1n1,P5, 41P5 _qEASL |
||
| 245 | 0 | _aShi Jie Zhi Shi Nian Jian 2004/2005 | |
| 260 |
_aChina _bBeijing Shi Jie Zhi Shi Chu banshe _c2005 |
||
| 300 | _a1238p. 1CD | ||
| 942 |
_cTEXL _hV1n1,P5, 41P5 |
||
| 999 |
_c1319282 _d1319282 |
||